000 01788nam a2200505 i 4500
001 47070
003 KOSZ 005
005 20200629092329.0
008 200414s1969 pl ab f f 000 0 pol
015 _aUWD 1969/9381
035 _a991037536649705066
035 _a(PL-WaBN)b2006505x-48omnis_nlop
035 _ab2006505x
035 _a(OCoLC)839014710
035 _a(PL)b0000002006505
035 _a(EXLNZ-48OMNIS_NETWORK)9910063944905606
040 _aWA N
_cWA N
_dKOSZ 005/RW
046 _k1969
080 _a629.5.05
080 _a520.8
100 1 _aSzczepanek, Zbigniew
_d(1933- )
_eAutor
245 1 0 _aZadania z nawigacji i astronawigacji z objaśnieniami /
_cZbigniew Szczepanek, Franciszek Wróbel.
260 _aGdańsk :
_bWydawnictwo Morskie,
_c1969.
300 _a467, [1] stron, [12] kart tablic :
_bilustracje, mapy ;
_c26 cm. +
_eZałączniki 1-7 : [4] karty, [4] karty tablic.
336 _aTekst
_btxt
_2rdacontent
337 _aBez urządzenia pośredniczącego
_bn
_2rdamedia
338 _aWolumin
_bnc
_2rdacarrier
380 _aKsiążki
380 _aPublikacje dydaktyczne
388 _a1901-2000
388 _a1945-1989
490 1 _aBiblioteka Nawigatora ;
_v10
650 7 _aNawigacja
650 7 _aAstronawigacja
650 7 _aŻegluga
655 7 _aĆwiczenia i zadania dla szkół wyższych
658 _aFizyka i astronomia
658 _aTransport i logistyka
700 1 _aWróbel, Franciszek
_c(technika nawigacji)
_eAutor
710 2 _aWydawnictwo Morskie
_4pbl
830 0 _aBiblioteka Nawigatora
_v10
856 _uhttp://koha.tu.koszalin.pl/cgi-bin/koha/opac-detail.pl?biblionumber=47070
_yKatalog online BPK
942 _2UKD
_cKS
999 _c47070
_d47070